Ochrana spotrebiteľa - postup pri uplatňovaní a vybavovaní reklamácie

Zákony, ktoré upravujú reklamačné konanie, povinnosti predávajúceho a práva spotrebiteľa. Povinnosti predávajúceho. Záruka. Práva spotrebiteľa. Uplatnenie reklamácie. Vybavenie reklamácie. Ako to funguje v praxi. Čo môže urobiť Slovenská obchodná inšpekcia a čo súd.

Na minha lista:
Detalhes bibliográficos
Autor principal: Kubáni, Soňa
Formato: Capítulo de Livro
Idioma:eslovaco
Assuntos:
Tags: Adicionar Tag
Sem tags, seja o primeiro a adicionar uma tag!

MARC

LEADER 00000naa$a2200000$$$4500
001 0107541
005 20241025140056.5
041 0 |a slo 
044 |a SK 
245 1 0 |a Ochrana spotrebiteľa - postup pri uplatňovaní a vybavovaní reklamácie  |c Soňa Kubáni 
520 |a Zákony, ktoré upravujú reklamačné konanie, povinnosti predávajúceho a práva spotrebiteľa. Povinnosti predávajúceho. Záruka. Práva spotrebiteľa. Uplatnenie reklamácie. Vybavenie reklamácie. Ako to funguje v praxi. Čo môže urobiť Slovenská obchodná inšpekcia a čo súd. 
610 2 0 |a ochrana spotrebiteľa 
610 2 0 |a práva spotrebiteľské 
610 2 0 |a reklamácie 
610 2 0 |a inšpekcia štátna 
610 2 0 |a Slovenská obchodná inšpekcia 
610 2 0 |a obchod 
610 2 0 |a legislatíva 
100 1 |a Kubáni, Soňa